000 02561cam a2200337 a 4500
003 data
005 20260322212057.0
008 data
010 _a2008004498
020 _a9780446407410
020 _a0446407410
040 _aDLC
_cDLC
_dLMR
_dBAKER
_dBTCTA
_dYDXCP
_dUPZ
_dEPL
_dZJI
_dBUR
_dEHH
_dVP@
_dLMR
043 _an-us-ia
050 0 0 _aSF445.5
_b.M97 2008
082 0 0 _a636.8092/9
_222
092 _a636.8 M97 2008
100 1 _aMyron, Vicki.
245 1 0 _aDewey :
_ba small-town library cat who touched the world /
_cVicki Myron & Bret Witter.
250 _a1st ed.
260 _aNew York :
_bGrand Central Pub.,
_c2008.
300 _aviii, 277 p. :
_bill. ;
_c22 cm.
505 0 _aIntroduction: Welcome to Iowa -- The coldest morning -- A perfect addition -- Dewey Readmore Books -- A day in the library -- Catnip and rubber bands -- Moneta -- Grand Avenue -- A cat's best friends -- Dewey and Jodi -- A long way from home -- Hide-and-seek -- Christmas -- A great library -- Dewey's great escape -- Spencer's favorite cat -- Iowa's famous library cat -- Dewey in the modern world -- Puss in books -- The world's worst eater -- Dewey's new friends -- What makes us special? -- Dewey goes to Japan -- Memories of Mom -- Dewey's diet -- The meeting -- Dewey's love -- Loving Dewey -- Epilogue: Last thoughts from Iowa.
520 _aThe charming story of Dewey Readmore Books, the beloved library cat of Spencer, Iowa.
520 _aThe story of Dewey Readmore Books, the beloved library cat, starts in the worst possible way. Only a few weeks old, on the coldest night of the year, he was stuffed into the book return slot at the Spencer, Iowa, Public Library. He was found the next morning by library director, Vicki Myron, a single mother who had survived the loss of her family farm, a breast cancer scare, and an alcoholic husband. Dewey won her heart, and the hearts of the staff, by pulling himself up and hobbling on frostbitten feet to nudge each of them in a gesture of thanks and love. For the next nineteen years, he never stopped charming the people of Spencer with his enthusiasm, warmth, humility (for a cat), and, above all, his sixth sense about who needed him most.--From publisher description.
650 0 _aDewey (Cat)
650 0 _aCats
_zSpencer
_zSpencer
_vBiography.
700 1 _aWitter, Bret.
856 4 2 _zContributor biographical information
_uhttp://www.loc.gov/catdir/enhancements/fy0827/2008004498-b.html
856 4 2 _zPublisher description
_uhttp://www.loc.gov/catdir/enhancements/fy0827/2008004498-d.html
001 data
999 _c1367
_d1367